Designing monetary and fiscal policy in low-income countries / (Record no. 127897)
[ view plain ]
| 000 -LEADER | |
|---|---|
| fixed length control field | 01486cam a22003494a 4500 |
| 001 - CONTROL NUMBER | |
| control field | 14586634 |
| 003 - CONTROL NUMBER IDENTIFIER | |
| control field | ARRUPE |
| 005 - DATE AND TIME OF LATEST TRANSACTION | |
| control field | 20180411114259.0 |
| 008 - FIXED-LENGTH DATA ELEMENTS--GENERAL INFORMATION | |
| fixed length control field | 061006s2006 dcua b 000 0 eng c |
| 010 ## - LIBRARY OF CONGRESS CONTROL NUMBER | |
| LC control number | 2006298746 |
| 020 ## - INTERNATIONAL STANDARD BOOK NUMBER | |
| International Standard Book Number | 1589064968 |
| 035 ## - SYSTEM CONTROL NUMBER | |
| System control number | (OCoLC)ocm70916154 |
| 040 ## - CATALOGING SOURCE | |
| Original cataloging agency | DBI |
| Transcribing agency | DBI |
| Modifying agency | AFQ |
| -- | VP@ |
| -- | YLS |
| -- | BAKER |
| -- | DLC |
| 042 ## - AUTHENTICATION CODE | |
| Authentication code | pcc |
| 043 ## - GEOGRAPHIC AREA CODE | |
| Geographic area code | d------ |
| 050 00 - LIBRARY OF CONGRESS CALL NUMBER | |
| Classification number | HG1496 |
| Item number | .D37 2006 |
| 082 00 - DEWEY DECIMAL CLASSIFICATION NUMBER | |
| Classification number | 339.509172/4 |
| Edition number | 22 |
| 300 ## - PHYSICAL DESCRIPTION | |
| Other physical details | ill. ; |
| Dimensions | 28 cm. |
| 100 ## - MAIN ENTRY--PERSONAL NAME | |
| Personal name | Selassie, Abebe A. |
| 9 (RLIN) | 41415 |
| 245 00 - TITLE STATEMENT | |
| Title | Designing monetary and fiscal policy in low-income countries / |
| Statement of responsibility, etc | Abebe Aemro Selassie...[et. al.]. |
| 260 ## - PUBLICATION, DISTRIBUTION, ETC. (IMPRINT) | |
| Place of publication, distribution, etc | Washington, DC : |
| Name of publisher, distributor, etc | International Monetary Fund, |
| Date of publication, distribution, etc | 2006. |
| 300 ## - PHYSICAL DESCRIPTION | |
| Extent | vii, 49 p. : |
| 490 1# - SERIES STATEMENT | |
| Series statement | Occasional paper / International Monetary Fund ; |
| Volume number/sequential designation | 250 |
| 504 ## - BIBLIOGRAPHY, ETC. NOTE | |
| Bibliography, etc | Includes bibliographical references (p. 44-47). |
| 650 #0 - SUBJECT ADDED ENTRY--TOPICAL TERM | |
| Topical term or geographic name as entry element | Monetary policy |
| Geographic subdivision | Developing countries. |
| 9 (RLIN) | 41371 |
| 650 #0 - SUBJECT ADDED ENTRY--TOPICAL TERM | |
| Topical term or geographic name as entry element | Fiscal policy |
| Geographic subdivision | Developing countries. |
| 9 (RLIN) | 41416 |
| 650 #0 - SUBJECT ADDED ENTRY--TOPICAL TERM | |
| Topical term or geographic name as entry element | Inflation (Finance) |
| Geographic subdivision | Developing countries. |
| 9 (RLIN) | 41417 |
| 650 #0 - SUBJECT ADDED ENTRY--TOPICAL TERM | |
| Topical term or geographic name as entry element | Poverty and Growth Facility (International Monetary Fund) |
| 9 (RLIN) | 41418 |
| 700 0# - ADDED ENTRY--PERSONAL NAME | |
| Personal name | Abebe Aemro Selassie. |
| 9 (RLIN) | 41419 |
| 710 2# - ADDED ENTRY--CORPORATE NAME | |
| Corporate name or jurisdiction name as entry element | International Monetary Fund. |
| 9 (RLIN) | 26656 |
| 830 #0 - SERIES ADDED ENTRY--UNIFORM TITLE | |
| Uniform title | Occasional paper (International Monetary Fund) ; |
| Volume number/sequential designation | no. 250 |
| 9 (RLIN) | 41420 |
| 856 41 - ELECTRONIC LOCATION AND ACCESS | |
| Materials specified | Table of contents only |
| Uniform Resource Identifier | <a href="http://www.loc.gov/catdir/toc/fy0703/2006298746.html">http://www.loc.gov/catdir/toc/fy0703/2006298746.html</a> |
| 906 ## - LOCAL DATA ELEMENT F, LDF (RLIN) | |
| a | 7 |
| b | cbc |
| c | pccadap |
| d | 2 |
| e | ncip |
| f | 20 |
| g | y-gencatlg |
| 942 ## - ADDED ENTRY ELEMENTS (KOHA) | |
| Source of classification or shelving scheme | Library of Congress Classification |
| Koha item type | Monograph ( Printed materials) |
| Withdrawn status | Lost status | Source of classification or shelving scheme | Damaged status | Not for loan | Collection code | Home library | Current library | Shelving location | Date acquired | Total Checkouts | Full call number | Barcode | Date last seen | Price effective from | Koha item type |
|---|---|---|---|---|---|---|---|---|---|---|---|---|---|---|---|
| Library of Congress Classification | Main Collection | ARRUPE LIBRARY | ARRUPE LIBRARY | Main Collection | 11/04/2018 | HG1496 .D37 2006 | 46600001749 | 11/04/2018 | 11/04/2018 | Monograph ( Printed materials) |